Elaboración de tesis, tesinas y trabajos finales: (Registro nro. 1699)

Detalles MARC
000 -CABECERA
campo de control de longitud fija 00810nam a2200241Ia 4500
003 - IDENTIFICADOR DEL NÚMERO DE CONTROL
campo de control AR-RoIUNI
005 - FECHA Y HORA DE LA ÚLTIMA TRANSACCIÓN
campo de control 20251110161901.0
007 - CAMPO FIJO DE DESCRIPCIÓN FÍSICA--INFORMACIÓN GENERAL
campo de control de longitud fija ta
008 - DATOS DE LONGITUD FIJA--INFORMACIÓN GENERAL
campo de control de longitud fija 150616s2013 ag d fr 001 0 spa d
020 ## - NÚMERO INTERNACIONAL ESTÁNDAR DEL LIBRO
Número Internacional Estándar del Libro 9789875383609
040 ## - FUENTE DE LA CATALOGACIÓN
Centro/agencia transcriptor AR-RoIUNI
040 ## - FUENTE DE LA CATALOGACIÓN
Centro/agencia modificador OCLC
Centro/agencia transcriptor AR-RoIUNI
080 ## - NÚMERO DE LA CLASIFICACIÓN DECIMAL UNIVERSAL
Número de la Clasificación Decimal Universal 001.814 (035) IGL
100 ## - ENTRADA PRINCIPAL--NOMBRE DE PERSONA
Nombre de persona Iglesias, Gabriela
245 1# - MENCIÓN DE TÍTULO
Título Elaboración de tesis, tesinas y trabajos finales:
Resto del título Diferentes modalidades, pautas metodológicas, indicadores de evaluación. /
Mención de responsabilidad, etc. [Comp.] Gabriela Iglesias, Graciela Resala.
250 ## - MENCIÓN DE EDICIÓN
Mención de edición 1a. ed.
260 ## - PUBLICACIÓN, DISTRIBUCIÓN, ETC. (PIE DE IMPRENTA)
Lugar de publicación, distribución, etc. Buenos Aires :
Nombre del editor, distribuidor, etc. Centro de publicaciones educativas y material didáctico,
Fecha de publicación, distribución, etc. 2013
300 ## - DESCRIPCIÓN FÍSICA
Extensión 208 p. ;
Dimensiones 20 cm.
650 10 - PUNTO DE ACCESO ADICIONAL DE MATERIA--TÉRMINO DE MATERIA
9 (RLIN) 485
Término de materia o nombre geográfico como elemento inicial Metodología de la Investigación
650 10 - PUNTO DE ACCESO ADICIONAL DE MATERIA--TÉRMINO DE MATERIA
9 (RLIN) 513
Término de materia o nombre geográfico como elemento inicial Tesis
700 ## - PUNTO DE ACCESO ADICIONAL--NOMBRE DE PERSONA
Nombre de persona Resala, Graciela
Término indicativo de función/relación aut.
942 ## - ELEMENTOS DE PUNTO DE ACCESO ADICIONAL (KOHA)
Tipo de ítem Koha Libros
Fuente del sistema de clasificación o colocación Clasificación Decimal Universal
Existencias
Estado de retiro Estado de pérdida Fuente del sistema de clasificación o colocación Estado dañado Excepción de préstamo Código de colección Localización permanente Ubicación/localización actual Ubicación en estantería Fecha de adquisición Número de inventario Total de préstamos Signatura topográfica completa Código de barras Fecha visto por última vez Fecha del último préstamo Tipo de ítem Koha
    Clasificación Decimal Universal     Metodología BIBLIOTECA CRESPO BIBLIOTECA CRESPO BIBLIOTECA CRESPO 20/12/2018 1700 2 001.814 (035) IGL 1700c 10/11/2025 18/01/2022 Libros